000 00975nam a22002537a 4500
005 20240530110511.0
008 151205s2012 su g b 000 0 ara d
020 _a9789933433277
040 _aEG-CaGPL
082 0 4 _221
_a956.804\
_bخ أ
100 0 _aخالدة ابلال الجبورى .
245 1 2 _aالابعاد السياسية للحكم الهاشمى 1941 - 1958 /
_cخالدة ابلال الجبورى .
250 _aط1.
260 _aدمشق :
_bمحاكاة للدراسات و النشر و التوزيع ،
_c2012 .
300 _a334 ص ؛
_c24 سم .
504 _aببليوجرافية : ص 323 - 332
650 0 4 _aالثورة العربية الكبرى 1916 .
650 0 4 _aمشروع فاضل الجمالى 1954 .
650 0 4 _aمشروع ناظم القدسى 1951 .
650 0 4 _aمشروع الهلال الخصيب .
650 0 4 _aتصريح بلفور .
942 _2ddc
_cBK
999 _c61681
_d61681